000
00260nam a2200109Ia 4500
008
191201s2010 xx 000 0 und d
100
_a
DIXIT, JB
245
0
_a
Mastering C++ Programs
250
_a
rep
260
_c
2010
_b
firewall
_a
NEW DELHI
942
_2
ddc
_c
BK
_0
8
999
_c
7929
_d
7929